000 00437nam a2200181Ia 4500
001 3466
005 20260306145645.0
008 260306t2015||||xx |||||||||||||| ||spa||
041 _aESP
082 _a279.8
_bI35
100 _aMayer, Alicia
_eAUT
245 0 _aIglesia y sociedad en la Nueva España y el Perú
260 _c2015
300 _a264 páginas :
_c21 cm.
650 _aGEN
654 _aCHU
942 _cLIB
_dJUS
_fJUS
_2ddc
_n
999 _c3466
_d3466